| 000 | 01485nam a2200277 a 4500 | ||
|---|---|---|---|
| 003 | MX-MxUPN | ||
| 005 | 20260221064008.0 | ||
| 007 | cr a | ||
| 008 | 250228s2024 sp ||||fo|||| 000 0 spa d | ||
| 020 | _a9788490446881 | ||
| 040 |
_aMX-MxUPN _bspa _cMX-MxUPN _eaacr2 |
||
| 041 | 0 | _aspa | |
| 050 | 1 | 4 | _aLB880 D5722 |
| 245 | 0 | 0 |
_aPor una educación dialógica y emancipadora : _bel legado de Danilo Dolci _h[recurso electrónico en línea] |
| 260 |
_a[Cuenca] : _bEdiciones de la Universidad de Castilla-La Mancha, _c2024. |
||
| 300 |
_a1 recurso en línea (119 páginas) : _bPDF |
||
| 490 | 0 |
_aColección Atenea ; _v56 |
|
| 505 | 0 | 0 |
_tDanilo Dolci: un educador mayéutico / _rCaterina Benelli -- _tEl legado del meridionalismo activo y el sueño de una nueva escuela / _rVincenzo Schirripa, Maura Tripi -- _tPoder y comunicación en Danilo Dolci / _rAntonio Vigilante -- _tDanilo Dolci, Paulo Freire y la pedagogía de la radicalidad / _rMariateresa Muraca -- _t"Empecé a hacer preguntas porque no sabía": el valor de la pregunta en Danilo Dolci / _rGiuseppe Barone -- _tMi experiencia de los laboratorios mayéuticos / _rAmico Dolci -- _tEl legado de Danilo Dolci en el mundo de habla hispana / _rDaniel Buraschi. |
| 506 | 0 | _aAcceso abierto. | |
| 600 | 1 | 0 |
_aDolci, Danilo _955698 |
| 650 | 4 |
_aEducación _xFilosofía _94994 |
|
| 700 | 1 |
_aBuraschi, Daniel _955697 _ecoordinación |
|
| 856 | 4 | 0 | _uhttps://hdl.handle.net/10578/39174 |
| 902 | _aVíctor Ruiz/280225 | ||
| 942 |
_2lcc _cLIBRO-E |
||
| 999 |
_c212760 _d212760 |
||